000 00679nam a2200157 i 4500
001 53822
003 ES-MaACL
007 t|
008 931025s1888 sp ||||1| spa d
100 1 _aFernández de Miranda y Llano Ponte, Pablo.
_949692
245 1 3 _a¡El dedo en la llaga! /
_cpor Pablo Fernández de Miranda y Llano Ponte.
260 _aValladolid :
_bImprenta, librería, heliografía y Taller de grabados de Luis N. de Gaviria,
_c1888.
300 _a44 p. ;
_c24 cm.
500 _aObra dedicada a la Sociedad Económica de Amigos del Pais de Asturias, al Instituto Agricola Catalán de San Isidro, y a la Liga de Contribuyentes de Cádiz.
852 _aES-MaACL
_jT-544-F-3
999 _c53822
_d53822